Normal view
MARC view
- Chang, Longwen,
Entry Personal Name
001 - CONTROL NUMBER
- control field: 101327
003 - CONTROL NUMBER IDENTIFIER
- control field: NUST
005 - DATE AND TIME OF LATEST TRANSACTION
- control field: 20221024184348.0
008 - FIXED-LENGTH DATA ELEMENTS
- fixed length control field: 221024|| aca||aabn | a|a d
040 ## - CATALOGING SOURCE
- Original cataloging agency: NUST
- Transcribing agency: NUST
100 ## - HEADING--PERSONAL NAME
- Personal name: Chang, Longwen,
- Dates associated with a name: 1953-
670 ## - SOURCE DATA FOUND
- Source citation: Work cat.: (NUST)0: IEEE Pacific Rim Symposium on Image and Video Technology (1st : 2006 : Hsinchu City, Taiwan) 101323, Advances in image and video technology :, c2006.
